Statistics for Groups of Things 1-20

Click here to take the quiz!

General Stats

  • This quiz has been taken 853 times
    (758 since last reset)
  • The average score is 94 of 210

Answer Stats

Answer % Correct
World War I
98%
World War II
98%
England
95%
Scotland
95%
Monday
95%
Tuesday
94%
Sunday
94%
Wednesday
94%
Thursday
94%
Friday
94%
Saturday
94%
Mars
94%
Wales
94%
Earth
93%
Saturn
92%
Qatar
92%
Venus
91%
May
91%
Jupiter
90%
April
90%
January
90%
February
90%
March
90%
June
90%
July
90%
October
90%
November
90%
December
90%
August
89%
September
89%
Mercury
89%
Uranus
89%
Neptune
87%
Jesus
78%
National Basketball Association
78%
United States
76%
National Football League
76%
Washington
74%
London
74%
Paris
73%
United States
73%
United Kingdom
73%
France
72%
China
72%
Donald J. Trump
72%
Berlin
71%
Japan
70%
John
70%
Madrid
70%
Russia
69%
National Hockey League
68%
Germany
68%
Canada
68%
Rome
67%
George H. W. Bush
67%
George W. Bush
67%
Ivanka
66%
Pitcher
66%
Judas
66%
Montana
65%
Oregon
65%
Italy
63%
Barcelona
63%
Abraham Lincoln
61%
Australia
61%
Peter
60%
Wyoming
60%
India
60%
First Baseman
59%
Second Base
59%
Third Base
59%
Brazil
59%
Ronald Reagan
58%
Utah
57%
South Korea
56%
Nevada
56%
Catcher
56%
Richard Nixon
55%
Mexico
54%
Theodore Roosevelt
54%
Argentina
54%
Munich
52%
Major League Baseball
52%
Matthew
51%
Donald Jr.
51%
Javelin throw
50%
Long jump
48%
Shortstop
48%
Indonesia
48%
High jump
47%
100 metres
45%
Catalonia
45%
Vienna
45%
Milan
45%
Kingdom of Laos
44%
Discus throw
44%
Shot put
44%
Right Fielder
44%
Left Fielder
44%
Brussels
44%
Gerald Ford
43%
Budapest
43%
Warsaw
43%
Thailand
43%
New Zealand
42%
Khmer Republic
42%
South Africa
42%
French Guiana
42%
Dwight D. Eisenhower
40%
110 metres hurdles
39%
Center Fielder
38%
North Korea
38%
Prague
38%
James
37%
Herbert Hoover
36%
Hamburg
36%
Thomas
35%
Turkey
34%
Bucharest
34%
Philip
34%
Barron
33%
400 metres
33%
Saudi Arabia
32%
Pole vault
31%
Simon
31%
Eric
31%
Ulysses S. Grant
29%
1500 metres
27%
William McKinley
27%
Tiffany
26%
James A. Garfield
26%
Cologne
26%
Basque Country
26%
William Howard Taft
26%
Calvin Coolidge
26%
Bavaria
26%
Birmingham
26%
Andrew
25%
Andalusia
25%
Valencia
24%
South Vietnam
23%
Benjamin Harrison
22%
Chester A. Arthur
22%
North Vietnam
22%
Bartholomew
21%
Mount Everest
20%
Sofia
20%
Warren G. Harding
20%
Philippines
19%
K2
18%
Rutherford B. Hayes
18%
French Polynesia
16%
Aragon
15%
Canary Islands
14%
Saint Martin
14%
Martinique
13%
Galicia
13%
Réunion
11%
Jude
11%
Guadeloupe
11%
Saxony
10%
Bremen
10%
New Caledonia
10%
Hesse
9%
Balearic Islands
9%
Navarre
9%
Baden-Württemberg
8%
North Rhine-Westphalia
8%
Murcia
8%
Brandenburg
8%
Lower Saxony
8%
Viet Cong
7%
Asturias
7%
Extremadura
7%
European Union
7%
Schleswig-Holstein
7%
Mecklenburg-Vorpommern
7%
La Rioja
6%
Saxony-Anhalt
6%
Saarland
6%
Rheinland-Palatinate
5%
Castilla-La Mancha
5%
Mayotte
5%
Saint Pierre and Miquelon
5%
Broad Peak
5%
Cantabria
5%
Thuringia
5%
Castile and León
5%
Makalu
4%
Wallis and Futuna
4%
Nanga Parbat
4%
Saint Barthélemy
3%
Kangchenjunga
3%
Lhotse
3%
Cho Oyu
3%
Manaslu
3%
Gasherbrum I
3%
Gasherbrum II
3%
Annapurna I
3%
Shishapangma
2%
Dhaulagiri I
2%
Pathet Lao
1%
Khmer Rouge
1%

Score Distribution

Percentile by Number Answered

Percent of People with Each Score

Your Score History

You have not taken this quiz since the last reset